Ginger:bThe ultimate home remedy

Bibliographic Details
Main Author: Fulder, Stephen
Format: Book
Published: London : Souvenir Press Ltd. , 1994
Subjects:

MARC

LEADER 00000cam a2200000 7i4500
001 0000008159
002 000008899
005 20080115.0
020 |a 0285631276 
090 0 0 |a 582.0634   |b FUL 
100 1 |a Fulder, Stephen   |f (Dr) 
245 1 0 |a Ginger:bThe ultimate home remedy   |c Dr.Stephen Fulder 
260 |a London :   |b Souvenir Press Ltd. ,   |c 1994 
300 |a 128p. ;   |c 22cm. 
650 0 0 |a Ginger 
650 0 0 |a Plants, Useful 
999 |a 051189   |b BUKU   |c PINJAMAN   |e PERPUSTAKAAN KOMUNITI PETALING JAYA